К проблеме исследования концептуальной метафоры; Молодой ученый; № 4 (84)

Podrobná bibliografie
Parent link:Молодой ученый: ежемесячный научный журнал.— , 2008-
№ 4 (84).— 2015.— [С. 798-800]
Hlavní autor: Сенцов А. Э. Аркадий Эдуардович
Korporativní autor: Национальный исследовательский Томский политехнический университет (ТПУ) Институт неразрушающего контроля (ИНК) Кафедра иностранных языков Института неразрушающего контроля (ИЯНК)
Další autoři: Онищенко А. К. Ангелина Константиновна
Shrnutí:Заглавие с экрана
Режим доступа: по договору с организацией-держателем ресурса
Jazyk:ruština
Vydáno: 2015
Edice:Филолология
Témata:
On-line přístup:http://www.moluch.ru/archive/84/15791/
http://elibrary.ru/item.asp?id=22981176
Médium: MixedMaterials Elektronický zdroj Kapitola
KOHA link:https://koha.lib.tpu.ru/cgi-bin/koha/opac-detail.pl?biblionumber=642297

MARC

LEADER 00000nla0a2200000 4500
001 642297
005 20250128145052.0
035 |a (RuTPU)RU\TPU\network\7236 
035 |a RU\TPU\network\7235 
090 |a 642297 
100 |a 20150619d2015 k||y0rusy50 ca 
101 0 |a rus 
102 |a RU 
135 |a drcn ---uucaa 
181 0 |a i  
182 0 |a b 
200 1 |a К проблеме исследования концептуальной метафоры  |f А. Э. Сенцов, А. К. Онищенко 
203 |a Текст  |c электронный 
225 1 |a Филолология 
300 |a Заглавие с экрана 
320 |a [Библиогр.: с. 804 (8 назв.)] 
333 |a Режим доступа: по договору с организацией-держателем ресурса 
461 |t Молодой ученый  |o ежемесячный научный журнал  |d 2008- 
463 |t № 4 (84)  |v [С. 798-800]  |d 2015 
610 1 |a электронный ресурс 
610 1 |a труды учёных ТПУ 
610 1 |a дискурс 
610 1 |a концептуальные метафоры 
610 1 |a когнитивный подход 
610 1 |a метафорические модели 
700 1 |a Сенцов  |b А. Э.  |c лингвист  |c доцент Томского политехнического университета, кандидат политических наук  |f 1983-  |g Аркадий Эдуардович  |3 (RuTPU)RU\TPU\pers\27933 
701 1 |a Онищенко  |b А. К.  |g Ангелина Константиновна 
712 0 2 |a Национальный исследовательский Томский политехнический университет (ТПУ)  |b Институт неразрушающего контроля (ИНК)  |b Кафедра иностранных языков Института неразрушающего контроля (ИЯНК)  |3 (RuTPU)RU\TPU\col\18721 
801 2 |a RU  |b 63413507  |c 20220517  |g RCR 
856 4 0 |u http://www.moluch.ru/archive/84/15791/ 
856 4 0 |u http://elibrary.ru/item.asp?id=22981176 
942 |c CF